00535 2200181 4500001002100000005001500021008004100036020002200077035001900099041000700118082001100125090001700136100001500153245009800168260004200266300002100308650002400329INLIS00000000001762520241224115340241224||||||||| | ||| |||| || |  a978-979-22-3994-2 0010-1224017625 aid0 a658.81 a658.81 CHA w0 aRAM CHARAM00aWHAT THE CUSTOMER WANTS YOU TO KNOW : Strategi Penjualan Andalan untuk Merebut Hati Pelanggan aJakartabGramedia Pustaka Utamac2008 a168hlm;14cmx21cm 0aManajemen Pemasaran